logo

Bir Sreshtho Munshi Abdur Rouf Library
Jhenaidah Cadet College

Government and Politics in Pakistan / (Record no. 5687)

MARC details
000 -LEADER
fixed length control field 00593nam a2200217 a 4500
001 - CONTROL NUMBER
JCCL Control Number 5687
003 - CONTROL NUMBER IDENTIFIER
JCCL marc code BD-JhCC
005 - DATE AND TIME OF LATEST TRANSACTION
control field 20171219192115.0
008 - FIXED-LENGTH DATA ELEMENTS--GENERAL INFORMATION
fixed length control field 171219s p |||| || | 000 0 eng d
035 ## - SYSTEM CONTROL NUMBER
system control number (BD-JhCC)5687
040 ## - CATALOGING SOURCE
Original cataloging agency BD-JhCC
Modifying agency BD-JhCC
041 ## - LANGUAGE CODE
Language code of Book eng
082 ## - DEWEY DECIMAL CLASSIFICATION NUMBER
Classification number 320.09549
Author mark and Year CHA
100 ## - MAIN ENTRY--PERSONAL NAME
Personal name Chaudhuri, Muzaffer Ahmed
245 ## - TITLE STATEMENT
Title Government and Politics in Pakistan /
Statement of responsibility, etc Muzaffer Ahmed Chaudhuri,
260 ## - PUBLICATION, DISTRIBUTION, ETC. (IMPRINT)
Place of publication, distribution, etc Esat Pakistan :
Name of publisher, distributor, etc Puthighar Ltd,
300 ## - PHYSICAL DESCRIPTION
Pagination vii 416 p. :
Dimensions 22 cm.
650 ## - SUBJECT ADDED ENTRY--TOPICAL TERM
Topical term or geographic name as entry element Politics and Government
Geographic subdivision Pakistan
942 ## - ADDED ENTRY ELEMENTS (KOHA)
Source of classification or shelving scheme Dewey Decimal Classification
Koha item type Books
Holdings
Source of classification or shelving scheme Damaged status Not for loan Home library Current library Shelving location Cost, normal purchase price Total Checkouts Full call number Barcode Date last seen Copy number Koha item type Date of accession
Dewey Decimal Classification     JCC Rouf Library JCC Rouf Library General Stacks 15.00   320.09549 CHA 7842 12/19/2017 C - 1 Books  
Dewey Decimal Classification     JCC Rouf Library JCC Rouf Library General Stacks 15.00   320.09549 CHA 12212 03/10/2018 C-2 Books 03/10/2018
Dewey Decimal Classification     JCC Rouf Library JCC Rouf Library General Stacks 15.00   320.09549 CHA 12211 03/10/2018 C-3 Books 03/10/2018

JCC Library | Contacts | JCC Home

Last Update on 23 September 2017
Copyright @ 2017-2020 JCC Rouf Library
Rouf Library, Jhenidah Cadet College (JCC), Bangladesh